00612 2200241 4500001002100000005001500021035002000036007000300056008004100059020002200100082001000122084001600132100001800148245004900166250001000215260003100225300004900256700002400305520000600329600001800335856000600353990001100359INLIS00000000000084920220406100422 a0010-0422000423ta220406 g 0 ind  a978-602-98956-2-9 a372.8 a372.8 DES s0 aDesintya Dewi1 aSehat dengan Secangkir Kopi /cDesintya Dewi aCet.1 aSurabaya :bStomata,c2012 aviii, 184 hlm. :bilus. ;c13,5 x 19,5 cme-0 aeditor, Sandiantoro a- 4aDesintya Dewi a- a210061